000 00421nam a2200181Ia 4500
001 532
005 20260306140524.0
008 260306t2013||||xx |||||||||||||| ||spa||
041 _aESP
082 _a126
_bG15
100 _aGallagher, Shaun
_eAUT
245 4 _aThe oxford handbook of the self
260 _c2013
300 _axi, 745 páginas :
_c24 cm.
650 _aGEN
654 _aCHU
942 _cLIB
_dJUS
_fJUS
_2ddc
_n
999 _c532
_d532